| 000 | 00397cam a2200157ua 4500 | ||
|---|---|---|---|
| 003 | OSt | ||
| 008 | 250130b |||||||| |||| 00| 0 eng d | ||
| 041 | _aeng | ||
| 082 |
_a621.3028 _bKAP/TE |
||
| 100 |
_aKapoor, P L . _97048 |
||
| 245 | _aText book of electrical engineering materials / | ||
| 250 | _a1 / | ||
| 260 |
_aDelhi : _bKhanna publishers , _c1994. |
||
| 300 | _a384 ; . | ||
| 942 | _cBK | ||
| 999 |
_c10243 _d10243 |
||